<?xml version="1.0" encoding="UTF-8"?><?xml-stylesheet type="text/xsl" href="static/style.xsl"?><OAI-PMH xmlns="http://www.openarchives.org/OAI/2.0/" xmlns:xsi="http://www.w3.org/2001/XMLSchema-instance" xsi:schemaLocation="http://www.openarchives.org/OAI/2.0/ http://www.openarchives.org/OAI/2.0/OAI-PMH.xsd"><responseDate>2026-04-14T03:12:34Z</responseDate><request verb="GetRecord" identifier="oai:www.recercat.cat:2072/413828" metadataPrefix="marc">https://recercat.cat/oai/request</request><GetRecord><record><header><identifier>oai:recercat.cat:2072/413828</identifier><datestamp>2026-04-08T03:48:49Z</datestamp><setSpec>com_2072_98</setSpec><setSpec>col_2072_378192</setSpec></header><metadata><record xmlns="http://www.loc.gov/MARC21/slim" xmlns:dcterms="http://purl.org/dc/terms/" xmlns:xsi="http://www.w3.org/2001/XMLSchema-instance" xmlns:doc="http://www.lyncode.com/xoai" xsi:schemaLocation="http://www.loc.gov/MARC21/slim http://www.loc.gov/standards/marcxml/schema/MARC21slim.xsd">
   <leader>00925njm 22002777a 4500</leader>
   <datafield ind2=" " ind1=" " tag="042">
      <subfield code="a">dc</subfield>
   </datafield>
   <datafield ind2=" " ind1=" " tag="720">
      <subfield code="a">Costa, Rui Manuel Pinto</subfield>
      <subfield code="e">author</subfield>
   </datafield>
   <datafield ind2=" " ind1=" " tag="260">
      <subfield code="c">2017</subfield>
   </datafield>
   <datafield ind2=" " ind1=" " tag="520">
      <subfield code="a">Entre 1886 e 1893, o médico e higienista Ricardo Jorge esteve ligado a um projeto de valorização comercial e terapêutica das águas do Gerês. Conhecidas desde há longos séculos e alvo de habituais peregrinações terapêuticas assentes numa tradição de base empírica, as propriedades curativas dessas águas passam a assumir um papel de maior destaque a partir da década de 80 do século XIX quando as análises químicas começam a servir propósitos de avaliação das suas qualidades mineromedicinais. Este artigo aborda detalhadamente o projeto médico-empresarial ricardiano em torno da hidroterapia, enquadrando-o no contexto da valorização económica e terapêutica das águas mineromedicinais, no reavivar do fenómeno do termalismo e na legitimação da hidrologia pelos progressos na avaliação química das águas. Apesar do insucesso comercial na exploração dos recursos hídricos, esta incursão ricardiana mostra as dificuldades do projecto e a complexidade do exercício profissional da medicina hidrológica, mas também o reforço da autoridade e prestígio de Ricardo Jorge no campo da hidroterapia.</subfield>
   </datafield>
   <datafield tag="653" ind2=" " ind1=" ">
      <subfield code="a">Ricardo Jorge</subfield>
   </datafield>
   <datafield tag="653" ind2=" " ind1=" ">
      <subfield code="a">Água</subfield>
   </datafield>
   <datafield tag="653" ind2=" " ind1=" ">
      <subfield code="a">Hidroterapia</subfield>
   </datafield>
   <datafield tag="653" ind2=" " ind1=" ">
      <subfield code="a">Termalismo</subfield>
   </datafield>
   <datafield tag="653" ind2=" " ind1=" ">
      <subfield code="a">Gerês</subfield>
   </datafield>
   <datafield tag="653" ind2=" " ind1=" ">
      <subfield code="a">Water</subfield>
   </datafield>
   <datafield tag="653" ind2=" " ind1=" ">
      <subfield code="a">Hydrotherapy</subfield>
   </datafield>
   <datafield tag="653" ind2=" " ind1=" ">
      <subfield code="a">Spa</subfield>
   </datafield>
   <datafield ind2="0" ind1="0" tag="245">
      <subfield code="a">Hidroterapia e empreendedorismo médico : o "feitiço hídrico" de Ricardo Jorge</subfield>
   </datafield>
</record></metadata></record></GetRecord></OAI-PMH>